| 000 | 00507nam a2200169Ia 4500 | ||
|---|---|---|---|
| 003 | OSt | ||
| 005 | 20201124131207.0 | ||
| 008 | 190216s9999||||xx |||||||||||||| ||und|| | ||
| 040 | _coclc | ||
| 082 |
_a894.8123 _bCHA/K |
||
| 100 |
_aChatterjee, Bankim Chandra _96031 |
||
| 245 | 0 |
_aKrishnakanthante Maranapathram / _cBankim Chandra Chatterjee |
|
| 260 |
_bPoorna Pubs, _c1991, _aKozhikode: |
||
| 300 | _a138p | ||
| 650 | _aNovel | ||
| 942 |
_cBK _2ddc _h894.8123 _iCHA/K _k894.8123 _mCHA/K |
||
| 999 |
_c28296 _d28296 |
||